| 000 | 00363nam a2200157Ia 4500 | ||
|---|---|---|---|
| 008 | 221030s9999 xx 000 0 und d | ||
| 020 | _a8120312538 | ||
| 041 | _aEnglish | ||
| 082 |
_a105.23 _bYeg |
||
| 100 | _aB. Yegnanarayana | ||
| 245 | 0 | _aArtificial Neural Networks | |
| 260 |
_bPHI _aNew Delhi _c2005 |
||
| 300 | _a461 | ||
| 650 | _aComputers | ||
| 942 | _cBK | ||
| 999 |
_c1817 _d1817 |
||